| 000 | 01129nam a2200337Ic 4500 | ||
|---|---|---|---|
| 001 | 59214 | ||
| 003 | CO-BoRNBP | ||
| 005 | 20250919150838.0 | ||
| 007 | ta | ||
| 008 | 170503s2007 s a g 000 f s | ||
| 020 | _a9788434819399 | ||
| 040 |
_aCO-BoRNBP _bspa _erda _cCO-BoRNBP |
||
| 041 | _aspa | ||
| 084 | _aN DIA | ||
| 100 |
_aDíaz Ortiz, Gloria Cecilia, _d1951- _eaut _963712 |
||
| 245 | 1 | 3 |
_aEl valle de los cocuyos / _cGloria Cecilia Díaz ; ilustración Francisco Meléndez. |
| 250 | _a10 a. edición | ||
| 264 | 1 |
_aMadird, España : _bS. M, _c2007 |
|
| 300 |
_a123 páginas : _bilustraciones |
||
| 336 |
_atexto _btxt _2rdacontent |
||
| 337 |
_asin mediación _bn _2rdamedia |
||
| 338 |
_avolumen _bnc _2rdacarrier |
||
| 490 | 0 | _aEl barco de vapor : roja | |
| 586 | _aPremio el barco de vapor, 1985 | ||
| 650 | 0 | 4 |
_aLiteratura juvenil Colombiana _ySiglo XX _2LEMB _91585 |
| 650 | 0 | 7 |
_aMicción en la literatura _2lemb _965030 |
| 650 | 0 | 7 |
_aMuchachos en la literatura _2lemb _965031 |
| 650 | 0 | 4 |
_aNovela juvenil colombiana _ySiglo XX _2LEMB _91584 |
| 700 |
_aMelendéz, Francisco _eill _965032 |
||
| 942 |
_2loc _cBKLIT |
||
| 999 |
_c59214 _d59214 |
||